Spanish soccer players scoring during the World Cup - Statistics

General Stats
  • This quiz has been taken 1,087 times
    601 since last reset
  • The average score is 14 of 53
Answer Stats
Goals Year(s) Player % Correct
9 2006, 2010, 2014 David Villa
92%
2 2010 Andrés Iniesta
91%
4 2006, 2014 Fernando Torres
90%
2 2022 Ferran Torres
88%
3 2022 Álvaro Morata
75%
5 1998, 2002, 2006 Raul
75%
1 2010 Carles Puyol
69%
2 2006, 2014 Xabi Alonso
59%
1 2022 Gavi
58%
5 1986 Emilio Butragueño
53%
3 2018 Diego Costa
50%
5 1994, 1998, 2002 Fernando Hierro
49%
5 1998, 2002 Fernando Morientes
49%
1 2022 Dani Olmo
39%
1 1978 Juan Manuel Asensi
37%
1 2018 Nacho
36%
1 2018 Isco
35%
1 2022 Marco Asensio
31%
1 2018 Iago Aspas
28%
2 1994, 1998 Luis Enrique
27%
1 2014 Juan Mata
24%
1 1994 Josep Guardiola
23%
1 2022 Carlos Soler
16%
4 1990 Michel
15%
3 1986, 1990, 1994 Julio Salinas
14%
1 2002 Gaizka Mendieta
13%
4 1950 Telmo Zarra
13%
1 1966 Manuel Sanchís Martinez
12%
1 1966 Pirri
12%
1 1982 Roberto López Ufarte
12%
1 2006 Juanito
10%
1 1966 Amancio Amaro
9%
3 1994 José Luis Caminero
9%
1 1982 Juanito
9%
1 2002 Juan Carlos Valerón
8%
1 1998 Kiko
8%
1 1978 Dani
7%
2 1986, 1994 Jon Andoni Goikoetxea
7%
1 1982 Jesús María Zamora
5%
1 1994 Txiki Begiristain
5%
4 1950 Estanislao Basora
4%
1 1934 Isidro Lángara
4%
1 1986 Juan Antonio Señor
4%
1 1962 Adelardo
3%
1 1990 Alberto Gorriz
3%
1 1986 Eloy
3%
2 1986 Ramón Calderé
3%
2 1950 Silvestre Igoa
3%
1 1982 Enrique Saura
2%
1 1962 Joaquín Peiro
2%
2 1934 José Iraragorri
2%
1 1966 Josep Fusté
2%
1 1934 Luis Regueiro
2%
No matching quizzes found
Score Distribution
Percent of People with Each Score
Percentile by Number Answered
Your Score History
You have not taken this quiz since the last reset